Red Flags - Sudden Death - Statistics

General Stats
  • This quiz has been taken 2,167 times
  • The average score is 14 of 20
Answers on the Grid
Answers color-coded by a green-red scale on the quiz's grid according to % correct below.
Albania
Angola
Argentina
Bahamas
Bahrain
Belgium
Bosnia and Herzegovina
Botswana
Brazil
Canada
Costa Rica
Côte d'Ivoire
Cyprus
East Timor
Estonia
Finland
Gabon
Germany
Greece
Honduras
Indonesia
Italy
Jamaica
Kazakhstan
Kyrgyzstan
Lesotho
Liberia
Maldives
Morocco
Nauru
Nigeria
Pakistan
Palau
Portugal
Rwanda
Saint Lucia
Samoa
Saudi Arabia
Sierra Leone
Somalia
South Africa
Sweden
Switzerland
Tanzania
Turkey
Ukraine
Uruguay
Vietnam
 
Answer Stats
Answer % Correct
Albania
92%
Canada
88%
Italy
79%
Belgium
78%
Germany
78%
Morocco
77%
Turkey
76%
Indonesia
75%
Portugal
74%
Switzerland
73%
Vietnam
72%
Costa Rica
71%
Angola
70%
Bahrain
69%
South Africa
66%
Liberia
57%
East Timor
56%
Kyrgyzstan
53%
Maldives
52%
Samoa
46%
No matching quizzes found
Score Distribution
Percent of People with Each Score
Percentile by Number Answered
Your Score History
You have not taken this quiz